Tvvo prophecies full of wonder and admiration. : Made by Humphrey Tindall Vicar of Wellin [sic] two hundred yeares past: and after his death, found in his study, with his name subscribed thereunto. And some sixty years since coppied out by a worthy gentlem [sic] and ever since kept private. Foretelling many strange accidents which shall befall to this kingdom.

Bibliographic Details
Main Author: Tindall, Humphrey, 1549-1614
Format: eBook
Language:English
Published: London : Printed for Bern: Alsop, according to Order, 1644.
Series:Early English books online.
Subjects:
Online Access:Connect to the full text of this electronic book

MARC

Tag First Indicator Second Indicator Subfields
LEADER 00000nam a2200000 4500
001 in00004338039
005 20200812095957.0
006 m g d
007 cr bn |||a|bb|
008 850506s1644 enk o 00| | eng d
035 |a (UnM)99859272 
037 |a CL0051000001  |b ProQuest Information and Learning. 300 N. Zeeb Rd., Ann Arbor, MI 48106 
040 |a Cu-RivES  |c Cu-RivES  |d CStRLIN  |e dcrb  |d WaOLN 
100 1 |a Tindall, Humphrey,  |d 1549-1614. 
245 1 0 |a Tvvo prophecies full of wonder and admiration. :  |b Made by Humphrey Tindall Vicar of Wellin [sic] two hundred yeares past: and after his death, found in his study, with his name subscribed thereunto. And some sixty years since coppied out by a worthy gentlem [sic] and ever since kept private. Foretelling many strange accidents which shall befall to this kingdom. 
246 2 |a Two prophecies full of wonder and admiration. 
260 |a London :  |b Printed for Bern: Alsop, according to Order,  |c 1644. 
300 |a 1 online resource ([2], 6 pages) 
336 |a text  |b txt  |2 rdacontent 
337 |a computer  |b c  |2 rdamedia 
338 |a online resource  |b cr  |2 rdacarrier 
500 |a In verse. 
500 |a Reproduction of the original in the British Library. 
500 |a Annotation on Thomason copy: "Feb: 23 1643". 
500 |a possibly the "sics" above ought to read "Welliger" and "Gentleman", but blank on title page. 
510 4 |a Wing (2nd edition)  |c T1298 
510 4 |a Thomason  |c E.34[6] 
533 |a Electronic reproduction.  |b Ann Arbor, Mich. :  |c UMI,  |d 1999-  |f (Early English books online)  |n Digital version of: (Thomason Tracts ; 6:E34[6])  |7 s1999 miun s 
650 0 |a Prophecies  |v Early works to 1800. 
830 0 |a Early English books online. 
856 4 0 |u http://proxy.library.tamu.edu/login?url=https://search.proquest.com/docview/2240863188  |z Connect to the full text of this electronic book  |t 0 
999 f f |s 9e9d53bb-0f9c-3386-b237-ae1b1a8c5c2b  |i 8887be49-e7b8-3fd0-bd2d-659f8ac08b7a  |t 0 
952 f f |a Texas A&M University  |b College Station  |c Electronic Resources  |d Available Online  |t 0  |h No information provided 
998 f f |t 0  |l Available Online